000 00396nam a2200157Ia 4500
008 230917s9999||||xx |||||||||||||| ||und||
040 _e85638
_aMAIN
041 _aEnglish
082 _a658.3 M311D
100 _aMamoria, C B
245 0 _aDynamics of industrial relations
250 _a14th ed.
260 _aMumbai
_bHimalaya Publishing House
_c2002
300 _axix, 891 p.
942 _cBK
999 _c111076
_d111076